[Event "DVM U12 2023"]
[Site "Magdeburg GER"]
[Date "2023.12.28"]
[Round "3"]
[White "Svanidze, Alexander"]
[Black "Heil, Felix"]
[Result "1-0"]
[Termination "normal"]
[Board "4.4"]
[WhiteElo "1441"]
[BlackElo "1289"]
[WhiteClock "01:02:07"]
[BlackClock "00:52:55"]
[WhiteTeam "SC Borussia Lichtenberg"]
[BlackTeam "Hamburger SK 1830"]
[PlyCount "47"]
[WhiteFideId "34623469"]
[BlackFideId "34604901"]
[EventCountry "GER"]
[EventRounds "7"]
[EventType "team-swiss"]
[EventDate "2023.12.26"]

1. e4 {[%clk 01:30:58]} {[%emt 00:00:02]} e5 {[%clk 01:30:52]} {[%emt
00:00:08]} 2. Nf3 {[%clk 01:31:23]} {[%emt 00:00:05]} Nc6 {[%clk 01:31:14]}
{[%emt 00:00:07]} 3. Bc4 {[%clk 01:31:49]} {[%emt 00:00:04]} Bc5 {[%clk
01:31:36]} {[%emt 00:00:09]} 4. O-O {[%clk 01:32:12]} {[%emt 00:00:06]} Nf6
{[%clk 01:29:07]} {[%emt 00:03:00]} 5. d4 {[%clk 01:31:15]} {[%emt 00:01:28]}
Bxd4 {[%clk 01:27:45]} {[%emt 00:01:51]} 6. Nxd4 {[%clk 01:31:34]} {[%emt
00:00:11]} Nxd4 {[%clk 01:26:36]} {[%emt 00:01:39]} 7. f4 {[%clk 01:30:40]}
{[%emt 00:01:24]} d6 {[%clk 01:22:28]} {[%emt 00:04:37]} 8. fxe5 {[%clk
01:31:02]} {[%emt 00:00:09]} dxe5 {[%clk 01:22:08]} {[%emt 00:00:48]} 9. Bg5
{[%clk 01:31:27]} {[%emt 00:00:06]} Rg8 {[%clk 00:58:43]} {[%emt 00:23:55]} 10.
c3 {[%clk 01:24:21]} {[%emt 00:07:36]} Bg4 {[%clk 00:57:44]} {[%emt 00:01:28]}
11. Qxg4 {[%clk 01:18:24]} {[%emt 00:06:27]} Nc2 {[%clk 00:55:39]} {[%emt
00:02:35]} 12. Bxf6 {[%clk 01:18:35]} {[%emt 00:00:18]} Qd7 {[%clk 00:53:58]}
{[%emt 00:02:12]} 13. Qxd7+ {[%clk 01:16:28]} {[%emt 00:02:36]} Kxd7 {[%clk
00:54:14]} {[%emt 00:00:15]} 14. Bxe5 {[%clk 01:04:28]} {[%emt 00:12:30]} Nxa1
{[%clk 00:53:57]} {[%emt 00:00:47]} 15. Na3 {[%clk 01:04:50]} {[%emt 00:00:08]}
f6 {[%clk 00:52:46]} {[%emt 00:01:41]} 16. Bxg8 {[%clk 01:04:44]} {[%emt
00:00:35]} Re8 {[%clk 00:52:31]} {[%emt 00:00:46]} 17. Bxh7 {[%clk 01:02:46]}
{[%emt 00:02:28]} Rxe5 {[%clk 00:52:51]} {[%emt 00:00:11]} 18. Bf5+ {[%clk
01:03:06]} {[%emt 00:00:10]} Ke7 {[%clk 00:53:06]} {[%emt 00:00:14]} 19. Rxa1
{[%clk 01:03:04]} {[%emt 00:00:31]} Kf7 {[%clk 00:52:12]} {[%emt 00:01:24]} 20.
Re1 {[%clk 01:02:43]} {[%emt 00:00:51]} g6 {[%clk 00:52:28]} {[%emt 00:00:15]}
21. Bc8 {[%clk 01:01:46]} {[%emt 00:01:27]} f5 {[%clk 00:52:45]} {[%emt
00:00:14]} 22. Bxb7 {[%clk 01:02:04]} {[%emt 00:00:12]} g5 {[%clk 00:52:55]}
{[%emt 00:00:20]} 23. Rf1 {[%clk 01:01:59]} {[%emt 00:00:34]} f4 {[%clk
00:52:55]} {[%emt 00:00:31]} 24. g3 {[%clk 01:02:07]} {[%emt 00:00:22]} 1-0

[Event "DVM U12 2023"]
[Site "Magdeburg GER"]
[Date "2023.12.28"]
[Round "3"]
[White "Müller, Anker"]
[Black "Madel, Luca"]
[Result "1-0"]
[Termination "normal"]
[Board "5.2"]
[WhiteElo "1548"]
[BlackElo "1335"]
[WhiteClock "00:01:58"]
[BlackClock "00:28:31"]
[WhiteTeam "SV Empor Berlin"]
[BlackTeam "Barnimer SF im SV Stahl Finow"]
[PlyCount "85"]
[WhiteFideId "1472070"]
[BlackFideId "16296516"]
[EventCountry "GER"]
[EventRounds "7"]
[EventType "team-swiss"]
[EventDate "2023.12.26"]

1. e4 {[%clk 01:30:50]} {[%emt 00:00:09]} d5 {[%clk 01:30:35]} {[%emt
00:00:25]} 2. exd5 {[%clk 01:31:08]} {[%emt 00:00:12]} Qxd5 {[%clk 01:30:45]}
{[%emt 00:00:19]} 3. Nc3 {[%clk 01:31:09]} {[%emt 00:00:30]} Qa5 {[%clk
01:30:49]} {[%emt 00:00:26]} 4. Nf3 {[%clk 01:31:09]} {[%emt 00:00:30]} Nf6
{[%clk 01:30:40]} {[%emt 00:00:39]} 5. d4 {[%clk 01:30:57]} {[%emt 00:00:42]}
c6 {[%clk 01:30:31]} {[%emt 00:00:38]} 6. Bc4 {[%clk 01:30:56]} {[%emt
00:00:29]} Bf5 {[%clk 01:29:03]} {[%emt 00:01:59]} 7. Ne5 {[%clk 01:17:06]}
{[%emt 00:14:22]} e6 {[%clk 01:28:16]} {[%emt 00:01:17]} 8. g4 {[%clk
01:15:40]} {[%emt 00:01:56]} Be4 {[%clk 01:27:35]} {[%emt 00:01:12]} 9. f3
{[%clk 01:15:41]} {[%emt 00:00:27]} Bd5 {[%clk 01:27:37]} {[%emt 00:00:29]} 10.
Bxd5 {[%clk 01:11:42]} {[%emt 00:04:29]} Nxd5 {[%clk 01:25:28]} {[%emt
00:02:39]} 11. Bd2 {[%clk 01:07:13]} {[%emt 00:04:58]} Qd8 {[%clk 01:23:49]}
{[%emt 00:02:09]} 12. Qe2 {[%clk 01:00:54]} {[%emt 00:06:48]} Be7 {[%clk
01:23:00]} {[%emt 00:01:20]} 13. O-O-O {[%clk 01:00:13]} {[%emt 00:01:10]} Nd7
{[%clk 01:20:49]} {[%emt 00:02:42]} 14. f4 {[%clk 00:56:32]} {[%emt 00:04:12]}
Qc7 {[%clk 01:15:47]} {[%emt 00:05:30]} 15. f5 {[%clk 00:53:17]} {[%emt
00:03:46]} Nxe5 {[%clk 01:15:19]} {[%emt 00:00:58]} 16. dxe5 {[%clk 00:53:25]}
{[%emt 00:00:22]} O-O-O {[%clk 01:15:14]} {[%emt 00:00:35]} 17. Nxd5 {[%clk
00:51:50]} {[%emt 00:02:05]} Rxd5 {[%clk 01:09:47]} {[%emt 00:05:56]} 18. Bc3
{[%clk 00:51:38]} {[%emt 00:00:43]} Bg5+ {[%clk 01:09:44]} {[%emt 00:00:34]}
19. Kb1 {[%clk 00:51:45]} {[%emt 00:00:23]} Rhd8 {[%clk 01:09:06]} {[%emt
00:00:54]} 20. Rxd5 {[%clk 00:47:51]} {[%emt 00:04:36]} Rxd5 {[%clk 01:09:13]}
{[%emt 00:00:22]} 21. Rf1 {[%clk 00:42:26]} {[%emt 00:05:56]} Qd8 {[%clk
01:08:47]} {[%emt 00:00:53]} 22. fxe6 {[%clk 00:40:32]} {[%emt 00:02:27]} fxe6
{[%clk 01:08:45]} {[%emt 00:00:31]} 23. a3 {[%clk 00:40:24]} {[%emt 00:00:39]}
Bd2 {[%clk 01:07:43]} {[%emt 00:01:32]} 24. Bxd2 {[%clk 00:35:40]} {[%emt
00:05:14]} Rxd2 {[%clk 01:07:52]} {[%emt 00:00:19]} 25. Qf3 {[%clk 00:35:04]}
{[%emt 00:01:07]} Kc7 {[%clk 01:02:54]} {[%emt 00:05:28]} 26. Qf7+ {[%clk
00:27:01]} {[%emt 00:08:33]} Qd7 {[%clk 01:02:41]} {[%emt 00:00:41]} 27. Qg8
{[%clk 00:12:29]} {[%emt 00:15:03]} Rd1+ {[%clk 01:02:00]} {[%emt 00:01:12]}
28. Rxd1 {[%clk 00:12:46]} {[%emt 00:00:13]} Qxd1+ {[%clk 01:02:22]} {[%emt
00:00:07]} 29. Ka2 {[%clk 00:13:12]} {[%emt 00:00:04]} Qd5+ {[%clk 01:01:56]}
{[%emt 00:00:54]} 30. b3 {[%clk 00:13:24]} {[%emt 00:00:21]} Qxe5 {[%clk
01:01:31]} {[%emt 00:00:54]} 31. Qxh7 {[%clk 00:13:45]} {[%emt 00:00:09]} Kb6
{[%clk 01:00:48]} {[%emt 00:01:08]} 32. h4 {[%clk 00:11:52]} {[%emt 00:02:28]}
Qc3 {[%clk 00:53:49]} {[%emt 00:07:23]} 33. Qe4 {[%clk 00:08:10]} {[%emt
00:04:15]} Qf6 {[%clk 00:52:48]} {[%emt 00:01:33]} 34. g5 {[%clk 00:07:50]}
{[%emt 00:00:52]} Qf2 {[%clk 00:40:44]} {[%emt 00:12:33]} 35. h5 {[%clk
00:06:51]} {[%emt 00:01:29]} Qf7 {[%clk 00:40:08]} {[%emt 00:01:02]} 36. h6
{[%clk 00:04:20]} {[%emt 00:03:06]} gxh6 {[%clk 00:37:21]} {[%emt 00:03:17]}
37. gxh6 {[%clk 00:04:27]} {[%emt 00:00:23]} Qf6 {[%clk 00:37:03]} {[%emt
00:00:45]} 38. h7 {[%clk 00:04:11]} {[%emt 00:00:48]} Qg7 {[%clk 00:36:06]}
{[%emt 00:01:27]} 39. Qh4 {[%clk 00:03:54]} {[%emt 00:00:46]} Qh8 {[%clk
00:36:00]} {[%emt 00:00:38]} 40. Qh2 {[%clk 00:03:05]} {[%emt 00:01:18]} Ka6
{[%clk 00:32:05]} {[%emt 00:04:20]} 41. Qe2+ {[%clk 00:02:41]} {[%emt
00:00:59]} b5 {[%clk 00:30:54]} {[%emt 00:01:40]} 42. Qxe6 {[%clk 00:01:46]}
{[%emt 00:01:26]} Kb6 {[%clk 00:28:31]} {[%emt 00:02:46]} 43. Qg8 {[%clk
00:01:58]} {[%emt 00:00:25]} 1-0

[Event "DVM U12 2023"]
[Site "Magdeburg GER"]
[Date "2023.12.28"]
[Round "3"]
[White "Splitt, Albert"]
[Black "Gundermann, Mika Oleg"]
[Result "0-1"]
[Termination "normal"]
[Board "5.3"]
[WhiteElo "1213"]
[BlackElo "1636"]
[WhiteClock "00:19:12"]
[BlackClock "00:11:01"]
[WhiteTeam "Barnimer SF im SV Stahl Finow"]
[BlackTeam "SV Empor Berlin"]
[PlyCount "52"]
[WhiteFideId "34602879"]
[BlackFideId "34606513"]
[EventCountry "GER"]
[EventRounds "7"]
[EventType "team-swiss"]
[EventDate "2023.12.26"]

1. d4 {[%clk 01:30:54]} {[%emt 00:00:04]} Nf6 {[%clk 01:30:36]} {[%emt
00:00:24]} 2. Nc3 {[%clk 01:31:00]} {[%emt 00:00:25]} g6 {[%clk 01:30:28]}
{[%emt 00:00:38]} 3. e4 {[%clk 01:29:49]} {[%emt 00:01:41]} d6 {[%clk
01:30:51]} {[%emt 00:00:07]} 4. Nf3 {[%clk 01:28:06]} {[%emt 00:02:13]} Bg7
{[%clk 01:30:08]} {[%emt 00:01:14]} 5. Bd3 {[%clk 01:26:12]} {[%emt 00:02:23]}
O-O {[%clk 01:29:46]} {[%emt 00:00:52]} 6. Be3 {[%clk 01:23:58]} {[%emt
00:02:44]} Re8 {[%clk 01:23:23]} {[%emt 00:06:53]} 7. O-O {[%clk 01:22:03]}
{[%emt 00:02:25]} e5 {[%clk 01:23:07]} {[%emt 00:00:47]} 8. dxe5 {[%clk
01:20:17]} {[%emt 00:02:16]} dxe5 {[%clk 01:23:28]} {[%emt 00:00:09]} 9. Qe2
{[%clk 01:16:54]} {[%emt 00:03:52]} Nc6 {[%clk 01:18:58]} {[%emt 00:05:00]} 10.
Rad1 {[%clk 01:16:32]} {[%emt 00:00:52]} Qe7 {[%clk 01:11:04]} {[%emt
00:08:24]} 11. Bc4 {[%clk 01:11:18]} {[%emt 00:05:44]} Na5 {[%clk 00:53:11]}
{[%emt 00:18:24]} 12. Nd5 {[%clk 01:05:41]} {[%emt 00:06:08]} Nxd5 {[%clk
00:52:49]} {[%emt 00:00:51]} 13. Rxd5 {[%clk 01:05:16]} {[%emt 00:00:54]} Nxc4
{[%clk 00:52:25]} {[%emt 00:00:56]} 14. Qxc4 {[%clk 01:05:12]} {[%emt
00:00:33]} Be6 {[%clk 00:51:50]} {[%emt 00:01:05]} 15. Rfd1 {[%clk 01:01:06]}
{[%emt 00:04:36]} c6 {[%clk 00:47:12]} {[%emt 00:05:08]} 16. Ng5 {[%clk
00:57:01]} {[%emt 00:04:35]} cxd5 {[%clk 00:41:40]} {[%emt 00:06:02]} 17. exd5
{[%clk 00:56:37]} {[%emt 00:00:54]} Red8 {[%clk 00:35:28]} {[%emt 00:06:42]}
18. Rd2 {[%clk 00:50:53]} {[%emt 00:06:14]} Bf5 {[%clk 00:28:34]} {[%emt
00:07:24]} 19. h4 {[%clk 00:44:14]} {[%emt 00:07:08]} Bf8 {[%clk 00:23:51]}
{[%emt 00:05:13]} 20. d6 {[%clk 00:43:39]} {[%emt 00:01:05]} Qf6 {[%clk
00:15:12]} {[%emt 00:09:09]} 21. f4 {[%clk 00:39:08]} {[%emt 00:05:01]} Bxd6
{[%clk 00:12:12]} {[%emt 00:03:31]} 22. Rxd6 {[%clk 00:20:49]} {[%emt
00:18:49]} Rxd6 {[%clk 00:11:46]} {[%emt 00:00:56]} 23. fxe5 {[%clk 00:20:48]}
{[%emt 00:00:31]} Rd1+ {[%clk 00:11:59]} {[%emt 00:00:18]} 24. Kh2 {[%clk
00:20:43]} {[%emt 00:00:34]} Qxe5+ {[%clk 00:11:30]} {[%emt 00:00:59]} 25. g3
{[%clk 00:20:41]} {[%emt 00:00:32]} Be6 {[%clk 00:11:14]} {[%emt 00:00:47]} 26.
Qe2 {[%clk 00:19:12]} {[%emt 00:01:59]} Rad8 {[%clk 00:11:01]} {[%emt
00:00:43]} 0-1

[Event "DVM U12 2023"]
[Site "Magdeburg GER"]
[Date "2023.12.28"]
[Round "3"]
[White "Stein, Daniel"]
[Black "Wünsche, Jonathan"]
[Result "1-0"]
[Termination "normal"]
[Board "5.4"]
[WhiteElo "1321"]
[BlackElo "967"]
[WhiteClock "00:57:35"]
[BlackClock "00:21:47"]
[WhiteTeam "SV Empor Berlin"]
[BlackTeam "Barnimer SF im SV Stahl Finow"]
[PlyCount "51"]
[WhiteFideId "34602917"]
[BlackFideId "34602836"]
[EventCountry "GER"]
[EventRounds "7"]
[EventType "team-swiss"]
[EventDate "2023.12.26"]

1. e4 {[%clk 01:30:56]} {[%emt 00:00:03]} d5 {[%clk 01:30:49]} {[%emt
00:00:11]} 2. exd5 {[%clk 01:31:15]} {[%emt 00:00:11]} Qxd5 {[%clk 01:31:08]}
{[%emt 00:00:11]} 3. Nc3 {[%clk 01:31:34]} {[%emt 00:00:12]} Qa5 {[%clk
01:31:28]} {[%emt 00:00:10]} 4. d4 {[%clk 01:31:58]} {[%emt 00:00:06]} c6
{[%clk 01:31:45]} {[%emt 00:00:12]} 5. Nf3 {[%clk 01:32:20]} {[%emt 00:00:08]}
Nf6 {[%clk 01:30:24]} {[%emt 00:01:51]} 6. Bd2 {[%clk 01:31:35]} {[%emt
00:01:16]} Qc7 {[%clk 01:30:37]} {[%emt 00:00:16]} 7. Bc4 {[%clk 01:31:06]}
{[%emt 00:00:59]} Bf5 {[%clk 01:25:53]} {[%emt 00:05:14]} 8. Ne5 {[%clk
01:25:12]} {[%emt 00:06:24]} e6 {[%clk 01:24:27]} {[%emt 00:01:55]} 9. Bf4
{[%clk 01:24:53]} {[%emt 00:00:49]} Bd6 {[%clk 01:19:38]} {[%emt 00:05:20]} 10.
O-O {[%clk 01:21:35]} {[%emt 00:03:47]} Bg6 {[%clk 01:11:40]} {[%emt 00:08:29]}
11. Re1 {[%clk 01:13:00]} {[%emt 00:09:05]} Nbd7 {[%clk 00:56:59]} {[%emt
00:15:11]} 12. Qd2 {[%clk 01:10:16]} {[%emt 00:03:13]} O-O-O {[%clk 00:50:18]}
{[%emt 00:07:11]} 13. b4 {[%clk 01:07:09]} {[%emt 00:03:36]} b5 {[%clk
00:42:07]} {[%emt 00:08:41]} 14. Bb3 {[%clk 01:02:55]} {[%emt 00:04:44]} h5
{[%clk 00:29:24]} {[%emt 00:13:15]} 15. Nxg6 {[%clk 01:00:40]} {[%emt
00:02:45]} fxg6 {[%clk 00:29:07]} {[%emt 00:00:47]} 16. Bxd6 {[%clk 01:00:25]}
{[%emt 00:00:44]} Qxd6 {[%clk 00:29:20]} {[%emt 00:00:17]} 17. Rxe6 {[%clk
01:00:47]} {[%emt 00:00:08]} Qc7 {[%clk 00:28:54]} {[%emt 00:00:56]} 18. d5
{[%clk 01:00:13]} {[%emt 00:01:04]} Rhe8 {[%clk 00:27:39]} {[%emt 00:01:46]}
19. Rae1 {[%clk 00:57:37]} {[%emt 00:03:06]} Rxe6 {[%clk 00:26:59]} {[%emt
00:01:09]} 20. Rxe6 {[%clk 00:56:23]} {[%emt 00:01:44]} Ng4 {[%clk 00:23:18]}
{[%emt 00:04:12]} 21. Rxc6 {[%clk 00:56:28]} {[%emt 00:00:24]} Qxc6 {[%clk
00:22:32]} {[%emt 00:01:16]} 22. dxc6 {[%clk 00:56:42]} {[%emt 00:00:16]} Nde5
{[%clk 00:22:13]} {[%emt 00:00:49]} 23. Be6+ {[%clk 00:56:46]} {[%emt
00:00:26]} Nd7 {[%clk 00:21:44]} {[%emt 00:00:59]} 24. Bxd7+ {[%clk 00:56:56]}
{[%emt 00:00:20]} Kb8 {[%clk 00:21:39]} {[%emt 00:00:35]} 25. Qf4+ {[%clk
00:57:18]} {[%emt 00:00:08]} Ka8 {[%clk 00:21:47]} {[%emt 00:00:22]} 26. c7
{[%clk 00:57:35]} {[%emt 00:00:13]} 1-0

[Event "DVM U12 2023"]
[Site "Magdeburg GER"]
[Date "2023.12.28"]
[Round "3"]
[White "Kovalyov, Dima"]
[Black "Mehner, Clara"]
[Result "0-1"]
[Termination "normal"]
[Board "6.1"]
[WhiteElo "1665"]
[BlackElo "1387"]
[WhiteClock "00:49:19"]
[BlackClock "00:05:01"]
[WhiteTeam "SG Solingen"]
[BlackTeam "USG Chemnitz"]
[PlyCount "76"]
[WhiteFideId "34631631"]
[BlackFideId "34612165"]
[EventCountry "GER"]
[EventRounds "7"]
[EventType "team-swiss"]
[EventDate "2023.12.26"]

1. e4 {[%clk 01:30:59]} {[%emt 00:00:01]} e6 {[%clk 01:30:54]} {[%emt
00:00:07]} 2. d4 {[%clk 01:31:25]} {[%emt 00:00:04]} d5 {[%clk 01:31:18]}
{[%emt 00:00:05]} 3. exd5 {[%clk 01:31:50]} {[%emt 00:00:05]} exd5 {[%clk
01:31:41]} {[%emt 00:00:07]} 4. c4 {[%clk 01:32:18]} {[%emt 00:00:03]} c6
{[%clk 01:27:53]} {[%emt 00:04:18]} 5. Nc3 {[%clk 01:32:43]} {[%emt 00:00:05]}
h6 {[%clk 01:25:57]} {[%emt 00:02:26]} 6. Nf3 {[%clk 01:32:22]} {[%emt
00:00:52]} Nf6 {[%clk 01:21:37]} {[%emt 00:04:50]} 7. Bd3 {[%clk 01:32:20]}
{[%emt 00:00:32]} Bd6 {[%clk 01:19:14]} {[%emt 00:02:53]} 8. h3 {[%clk
01:30:55]} {[%emt 00:01:55]} O-O {[%clk 01:17:21]} {[%emt 00:02:22]} 9. Be3
{[%clk 01:30:02]} {[%emt 00:01:23]} Be6 {[%clk 01:16:48]} {[%emt 00:01:03]} 10.
c5 {[%clk 01:30:17]} {[%emt 00:00:16]} Bc7 {[%clk 01:15:36]} {[%emt 00:01:42]}
11. g4 {[%clk 01:29:58]} {[%emt 00:00:49]} Nfd7 {[%clk 01:12:15]} {[%emt
00:03:51]} 12. g5 {[%clk 01:28:46]} {[%emt 00:01:42]} h5 {[%clk 01:11:43]}
{[%emt 00:01:01]} 13. Nh4 {[%clk 01:28:32]} {[%emt 00:00:45]} g6 {[%clk
01:10:20]} {[%emt 00:01:53]} 14. Nxg6 {[%clk 01:27:51]} {[%emt 00:01:11]} fxg6
{[%clk 01:09:15]} {[%emt 00:01:35]} 15. Bxg6 {[%clk 01:28:15]} {[%emt
00:00:06]} Qe7 {[%clk 01:08:01]} {[%emt 00:01:42]} 16. Qxh5 {[%clk 01:26:22]}
{[%emt 00:02:25]} Qg7 {[%clk 01:07:17]} {[%emt 00:01:15]} 17. Bd3 {[%clk
01:25:54]} {[%emt 00:00:57]} Na6 {[%clk 01:03:02]} {[%emt 00:04:45]} 18. a3
{[%clk 01:23:06]} {[%emt 00:03:19]} Rae8 {[%clk 01:01:16]} {[%emt 00:02:15]}
19. O-O-O {[%clk 01:19:49]} {[%emt 00:03:47]} Re7 {[%clk 00:59:40]} {[%emt
00:02:06]} 20. g6 {[%clk 01:16:26]} {[%emt 00:03:53]} Bf4 {[%clk 00:57:52]}
{[%emt 00:02:17]} 21. Bxf4 {[%clk 01:16:06]} {[%emt 00:00:51]} Rxf4 {[%clk
00:54:56]} {[%emt 00:03:27]} 22. Qg5 {[%clk 01:14:08]} {[%emt 00:02:25]} Rxd4
{[%clk 00:52:05]} {[%emt 00:03:22]} 23. Bxa6 {[%clk 01:13:43]} {[%emt
00:00:55]} Rxd1+ {[%clk 00:51:37]} {[%emt 00:00:58]} 24. Rxd1 {[%clk 01:14:09]}
{[%emt 00:00:05]} bxa6 {[%clk 00:51:34]} {[%emt 00:00:33]} 25. f4 {[%clk
01:13:20]} {[%emt 00:01:19]} Bxh3 {[%clk 00:47:44]} {[%emt 00:04:19]} 26. Rh1
{[%clk 01:12:52]} {[%emt 00:00:57]} Re3 {[%clk 00:46:15]} {[%emt 00:02:00]} 27.
Kc2 {[%clk 01:07:06]} {[%emt 00:06:17]} d4 {[%clk 00:28:33]} {[%emt 00:18:11]}
28. Nd1 {[%clk 01:05:09]} {[%emt 00:02:27]} Re2+ {[%clk 00:25:09]} {[%emt
00:03:54]} 29. Kb1 {[%clk 01:04:49]} {[%emt 00:00:50]} Bg2 {[%clk 00:21:55]}
{[%emt 00:03:44]} 30. Rg1 {[%clk 00:53:22]} {[%emt 00:11:57]} Be4+ {[%clk
00:17:57]} {[%emt 00:04:27]} 31. Ka1 {[%clk 00:53:32]} {[%emt 00:00:21]} Rc2
{[%clk 00:16:35]} {[%emt 00:01:52]} 32. Re1 {[%clk 00:50:13]} {[%emt 00:03:50]}
Rc1+ {[%clk 00:13:07]} {[%emt 00:03:58]} 33. Ka2 {[%clk 00:50:39]} {[%emt
00:00:04]} Bd5+ {[%clk 00:11:24]} {[%emt 00:02:12]} 34. b3 {[%clk 00:51:02]}
{[%emt 00:00:08]} d3 {[%clk 00:06:55]} {[%emt 00:04:58]} 35. Re8+ {[%clk
00:50:16]} {[%emt 00:01:17]} Nf8 {[%clk 00:06:46]} {[%emt 00:00:39]} 36. Nb2
{[%clk 00:49:38]} {[%emt 00:01:08]} d2 {[%clk 00:05:29]} {[%emt 00:01:47]} 37.
Qh4 {[%clk 00:49:02]} {[%emt 00:01:06]} Ra1+ {[%clk 00:04:40]} {[%emt
00:01:19]} 38. Kxa1 {[%clk 00:49:19]} {[%emt 00:00:14]} d1=Q+ {[%clk 00:05:01]}
{[%emt 00:00:08]} 0-1